000 00767nam a2200217 i 4500
001 31138
003 ES-MaACL
005 20230906154323.0
007 t|
008 030128s1927 sp ||||1| spa d
100 1 _aSalomón Ibn Verga.
_927412
240 1 0 _aShévet Yehudá.
_lEspañol
245 1 0 _aChébet Jehuda
_b= (La vara de Judá) /
_cde Salomón ben Verga ; traducción española con un estudio preliminar por Francisco Cantera Burgos.
260 _aGranada :
_b[s.n.],
_c1927 (
_fLópez Guevara)
300 _a310 p. ;
_c25 cm.
650 _aJudíos-
_xHistoria-
_y70-1789.
_9151042
650 4 _aJudíos-
_zPortugal-
_xHistoria.
_914005
650 0 4 _aJudíos-
_zEspaña.
_913983
700 1 _aCantera Burgos, Francisco.
_934642
852 _aES-MaACL
_jF-9887
999 _c31138
_d31138